000 00767nam a2200301 a 4500
003 AR-BaBNM
005 20251128210017.0
008 082120s2002 ||||||||||||||000 | spa||
020 _a0-582-03846-4
040 _cAR-BaBNM
100 1 _aBlanche, Margo
245 0 0 _aAmerican dimensions
_badvanced : workbook. 3/3
250 _a1ª ed.
260 _aHarlow
_bLongman
_c1992
300 _a80 p.
_bil.
650 4 _aINGLES
650 4 _aLENGUAS GERMANICAS
650 4 _aENSEÑANZA DE IDIOMAS
650 4 _aACTIVIDADES DE APRENDIZAJE
650 4 _aGRAMATICA
650 4 _aENSEÑANZA DEL VOCABULARIO
650 4 _aVOCABULARIO
650 4 _aSINTAXIS
700 1 _aD'Alessio, Rosemary
700 1 _aMugglestone, Pat
942 _cBK
998 _cMARTIN
999 _c13695
_d13695